Discurso leído por el Licenciado en el acto de la... inauguración de la estatua erigida al... Primer Presidente Tomás Estrada Palma / (Record no. 36696)

MARC details
000 -LEADER
campo de control de longitud fija 00649nam a2200181 i 4500
001 - NÚMERO DE CONTROL
campo de control 36696
003 - IDENTIFICADOR DE NÚMERO DE CONTROL
campo de control ES-MaACL
005 - FECHA Y HORA DE LA ÚLTIMA TRANSACCIÓN
campo de control 20251002201359.0
007 - CAMPO FIJO DE DESCRIPCIÓN FÍSICA--INFORMACIÓN GENERAL
campo de control de longitud fija t|
008 - DATOS DE LONGITUD FIJA--INFORMACIÓN GENERAL
campo de control de longitud fija 030219s1918 cu ||||1| spa d
100 1# - ENTRADA PRINCIPAL--NOMBRE DE PERSONA
Nombre de persona Bravo y Correoso, Antonio.
9 (RLIN) 31510
245 10 - MENCIÓN DEL TÍTULO
Título Discurso leído por el Licenciado en el acto de la... inauguración de la estatua erigida al... Primer Presidente Tomás Estrada Palma /
Mención de responsabilidad, etc. Antonio Bravo y Correoso.
260 ## - PUBLICACIÓN, DISTRIBUCIÓN, ETC.
Lugar de publicación, distribución, etc. Santiago (Cuba) :
Nombre del editor, distribuidor, etc. [s.n.],
Fecha de publicación, distribución, etc. 1918.
300 ## - DESCRIPCIÓN FÍSICA
Extensión 34 p., [1] h. lám. ;
Dimensiones 23 cm.
600 17 - PUNTO DE ACCESO ADICIONAL DE MATERIA--NOMBRE DE PERSONA
Nombre de persona Estrada Palma, Tomás,
Fechas asociadas al nombre 1835-1908
Fuente del encabezamiento o término
9 (RLIN) 159733
852 ## - LOCALIZACIÓN
Ubicación ES-MaACL
Número de control de estantería 1572-F-22
Holdings
Estatus retirado Estado de pérdida Estado de daño No para préstamo Colección Biblioteca de origen Biblioteca actual Ubicación en estantería Fecha de adquisición Fuente de adquisición Total de préstamos Signatura topográfica completa Código de barras Visto por última vez Precio de reemplazo Tipo de ítem Koha
        Colección de folletos Biblioteca del Ateneo de Madrid Biblioteca del Ateneo de Madrid Depósito folletos 17/01/2008     1572-F-22 1038570 23/02/2023 23/02/2023 Folleto